[Event "SportAccord Blitz Men 2013"]
[Site "Beijing CHN"]
[Date "2013.12.16"]
[Round "25.3"]
[White "Karjakin, Sergey"]
[Black "Vachier-Lagrave, Maxime"]
[Result "1/2-1/2"]
[WhiteTitle "GM"]
[BlackTitle "GM"]
[WhiteElo "2756"]
[BlackElo "2745"]
[WhiteFideId "14109603"]
[BlackFideId "623539"]
[EventDate "2013.12.14"]

1. e4 c5 2. Nf3 Nc6 3. Nc3 e6 4. d4 cxd4 5. Nxd4 Qc7 6. Be2 Nf6 7. Be3 a6 8. O-O
Bb4 9. Na4 Be7 10. Nxc6 bxc6 11. Nb6 Rb8 12. Nxc8 Qxc8 13. Bd4 c5 14. Be5 Rb6
15. Qd3 O-O 16. b3 d6 17. Bb2 Nd7 18. Rad1 Bf6 19. Bc1 Qc7 20. Bd2 c4 21. Qxc4
Rc6 22. Qa4 Nc5 23. Qc4 Nd7 24. Qa4 Nc5 25. Qc4 1/2-1/2

[Event "SportAccord Blitz Men 2013"]
[Site "Beijing CHN"]
[Date "2013.12.16"]
[Round "25.5"]
[White "Wang, Yue"]
[Black "Wang, Hao"]
[Result "0-1"]
[WhiteTitle "GM"]
[BlackTitle "GM"]
[WhiteElo "2723"]
[BlackElo "2735"]
[WhiteFideId "8601429"]
[BlackFideId "8602883"]
[EventDate "2013.12.14"]

1. d4 Nf6 2. c4 e6 3. Nf3 b6 4. Nc3 Bb4 5. e3 Bb7 6. Bd3 O-O 7. O-O d5 8. cxd5
exd5 9. Bd2 a6 10. Rc1 Nbd7 11. Ne5 Bd6 12. f4 c5 13. Rf3 cxd4 14. exd4 Ne4 15.
Rh3 Ndf6 16. Be1 Bc8 17. Bh4 Bxh3 18. Nxd5 Bf5 19. Nxf6+ gxf6 20. Ng4 Bxf4 21.
Bxe4 Bxe4 22. Bxf6 Qd5 23. g3 h5 24. gxf4 Bf3 25. Ne3 Qe4 26. Qe1 Kh7 27. Bg5
Rae8 28. f5 Rg8 29. Qg3 h4 0-1

[Event "SportAccord Blitz Men 2013"]
[Site "Beijing CHN"]
[Date "2013.12.16"]
[Round "25.7"]
[White "Nepomniachtchi, Ian"]
[Black "Kamsky, Gata"]
[Result "1-0"]
[WhiteTitle "GM"]
[BlackTitle "GM"]
[WhiteElo "2721"]
[BlackElo "2721"]
[WhiteFideId "4168119"]
[BlackFideId "2000024"]
[EventDate "2013.12.14"]

1. e4 c5 2. Nf3 e6 3. Qe2 g6 4. g3 Bg7 5. Bg2 Nc6 6. c3 Nge7 7. O-O d6 8. d4
cxd4 9. cxd4 O-O 10. Rd1 Qb6 11. Bg5 h6 12. Be3 d5 13. Nc3 dxe4 14. Nxe4 Nf5 15.
Nc5 Rd8 16. Nb3 Nxe3 17. fxe3 e5 18. d5 Ne7 19. Nfd2 Bd7 20. Nc4 Qb5 21. e4 h5
22. Rf1 Be8 23. Rf2 Nc8 24. Bf1 Qb4 25. Rc1 a5 26. Qf3 a4 27. Nbd2 b5 28. a3 Qe7
29. Ne3 Nd6 30. Rc3 Rdc8 31. Nc2 Rxc3 32. Qxc3 Rc8 33. Qd3 f5 34. Nb4 Bh6 35.
Nc6 Qf6 36. exf5 gxf5 37. Bh3 Bg6 38. Ne4 fxe4 39. Rxf6 exd3 40. Rxg6+ Kh7 41.
Rxd6 d2 42. Bf5+ Kg7 43. Bc2 e4 44. Kf2 Rf8+ 45. Ke2 Rf3 46. Rxh6 Kxh6 47. d6
Rf7 48. Ne5 Rf8 49. d7 Kg7 50. Nc6 1-0

[Event "SportAccord Blitz Men 2013"]
[Site "Beijing CHN"]
[Date "2013.12.16"]
[Round "25.8"]
[White "Grischuk, Alexander"]
[Black "Le, Quang Liem"]
[Result "0-1"]
[WhiteTitle "GM"]
[BlackTitle "GM"]
[WhiteElo "2783"]
[BlackElo "2703"]
[WhiteFideId "4126025"]
[BlackFideId "12401137"]
[EventDate "2013.12.14"]

1. e4 c5 2. Nf3 d6 3. d4 cxd4 4. Nxd4 Nf6 5. Nc3 a6 6. Bg5 Nbd7 7. Qe2 b5 8.
O-O-O Bb7 9. f4 b4 10. Nd5 Nxd5 11. exd5 Nb6 12. Nc6 Bxc6 13. dxc6 Qc7 14. g4 e6
15. f5 Be7 16. Bxe7 Qxe7 17. Bg2 O-O 18. fxe6 fxe6 19. Rhe1 Rfe8 20. Kb1 Qc7 21.
g5 d5 22. g6 hxg6 23. Qg4 Qxc6 24. Qxg6 Re7 25. Bh3 Rae8 26. Bf5 Kf8 27. h4 Qd7
28. Bd3 Rf7 29. h5 Rf6 30. Qh7 Ke7 31. Bg6 Ref8 32. h6 Rxg6 33. hxg7 Rxg7 34.
Qxg7+ Rf7 35. Qd4 Qd6 36. b3 Kd7 37. Rd3 Rf4 38. Qh8 Rf7 39. Rh3 Kc7 40. Rh6 Re7
41. Qg8 Kd7 42. Rh7 a5 43. Rxe7+ Qxe7 44. Rf1 Kc6 45. Rf7 Qd6 46. Qg6 Nd7 47.
Rf1 Nc5 48. Qe8+ Kb6 49. Rf7 d4 50. Qe7 Qxe7 51. Rxe7 Kc6 52. Kc1 d3 53. cxd3
Nxd3+ 54. Kd2 Nc5 55. Ke3 a4 56. bxa4 Nxa4 57. Rxe6+ Kb5 58. Kd3 Nc5+ 59. Kc2
Nxe6 60. a3 Nd4+ 0-1

[Event "SportAccord Blitz Men 2013"]
[Site "Beijing CHN"]
[Date "2013.12.16"]
[Round "26.2"]
[White "Le, Quang Liem"]
[Black "Nepomniachtchi, Ian"]
[Result "0-1"]
[WhiteTitle "GM"]
[BlackTitle "GM"]
[WhiteElo "2703"]
[BlackElo "2721"]
[WhiteFideId "12401137"]
[BlackFideId "4168119"]
[EventDate "2013.12.14"]

1. d4 Nf6 2. Nf3 g6 3. g3 Bg7 4. c4 O-O 5. Bg2 c6 6. O-O d5 7. Qb3 Qb6 8. Nc3
Bf5 9. c5 Qxb3 10. axb3 Na6 11. Ne5 Nc7 12. b4 a6 13. Rd1 Nd7 14. Nxd7 Bxd7 15.
e4 dxe4 16. Bxe4 Bg4 17. Rd3 Rad8 18. Be3 Be6 19. Re1 Bc4 20. Rdd1 Rfe8 21. h4
h5 22. Kh2 Nd5 23. Bxd5 Bxd5 24. Bg5 Bb3 25. Rd3 Rxd4 26. Rxd4 Bxd4 27. Rxe7
Rxe7 28. Bxe7 Bxf2 29. Bf6 Be1 30. Ne4 Bxb4 31. Bd4 Bd5 32. Nf6+ Kf8 33. g4 hxg4
34. Nxg4 Ke7 35. Kg3 Ke6 36. Ne3 Bb3 37. Kg4 Ba5 38. Ng2 Bd1+ 39. Kg3 Bc7+ 40.
Kf2 Kd5 41. Ke3 Bg4 42. Kd3 Bf5+ 43. Kc3 Ke4 44. Ne3 Be6 45. Nc2 f5 46. Bf6 f4
47. Nd4 Bd5 48. Kd2 f3 49. Nc2 Bb3 50. Nd4 Ba5+ 51. Kc1 f2 0-1

[Event "SportAccord Blitz Men 2013"]
[Site "Beijing CHN"]
[Date "2013.12.16"]
[Round "26.3"]
[White "Kamsky, Gata"]
[Black "Mamedyarov, Shakhriyar"]
[Result "0-1"]
[WhiteTitle "GM"]
[BlackTitle "GM"]
[WhiteElo "2721"]
[BlackElo "2757"]
[WhiteFideId "2000024"]
[BlackFideId "13401319"]
[EventDate "2013.12.14"]

1. d4 Nf6 2. Bf4 g6 3. e3 Bg7 4. h3 O-O 5. c3 d5 6. Nd2 Nbd7 7. Ngf3 b6 8. a4 a5
9. Be2 Bb7 10. O-O Ne4 11. Rc1 Rc8 12. b4 Ra8 13. b5 Re8 14. c4 e5 15. dxe5 Nxe5
16. cxd5 Nxf3+ 17. Bxf3 Nc3 18. Rxc3 Bxc3 19. Nc4 Bg7 20. e4 Qe7 21. d6 cxd6 22.
Nxb6 Rad8 23. Re1 d5 24. e5 Qc5 25. Bg5 Qxb6 26. Bxd8 Rxd8 27. Qd2 Bf8 28. Rd1
Bc8 29. Rc1 Bb4 30. Qg5 Bb7 31. h4 Re8 32. h5 Qd8 33. Qf4 Qb8 34. h6 Qxe5 35.
Qxe5 Rxe5 36. Kf1 Re8 37. g3 Bd6 38. Rd1 Bf8 39. Bxd5 Bxd5 40. Rxd5 Bxh6 41. b6
Rb8 42. Rb5 Bf8 43. b7 Bb4 44. Ke2 Kf8 45. Kd3 Ke7 46. Kc4 Kd6 47. Rb6+ Kc7 48.
Rf6 Rxb7 49. Rxf7+ Kb6 50. Rf6+ Ka7 51. f4 Rd7 52. g4 Kb7 53. f5 gxf5 54. gxf5
Kc7 55. Ra6 Kd8 56. Re6 Re7 57. Ra6 Ke8 58. Kd5 Kf7 59. Rh6 Rd7+ 60. Ke4 Kf8 61.
Rc6 Kg7 62. Ke5 Re7+ 63. Kf4 Bd2+ 64. Kg4 Re4+ 65. Kh5 Rxa4 66. Rc7+ Kf6 67.
Rxh7 Kxf5 0-1

[Event "SportAccord Blitz Men 2013"]
[Site "Beijing CHN"]
[Date "2013.12.16"]
[Round "26.4"]
[White "Leko, Peter"]
[Black "Wang, Yue"]
[Result "0-1"]
[WhiteTitle "GM"]
[BlackTitle "GM"]
[WhiteElo "2730"]
[BlackElo "2723"]
[WhiteFideId "703303"]
[BlackFideId "8601429"]
[EventDate "2013.12.14"]

1. e4 c5 2. Nf3 Nc6 3. Bb5 Nf6 4. Bxc6 dxc6 5. d3 Bg4 6. h3 Bh5 7. Nbd2 Nd7 8.
Nf1 e5 9. Ng3 Bg6 10. O-O Be7 11. b3 O-O 12. Bb2 f6 13. Nh4 Bf7 14. Nhf5 Kh8 15.
f4 exf4 16. Rxf4 Ne5 17. Nxe7 Qxe7 18. Nf5 Qc7 19. Qd2 Be6 20. Raf1 b6 21. Qf2
Ng6 22. Rf3 Kg8 23. g4 Ne5 24. Rg3 Rae8 25. Qf4 Qd7 26. g5 Ng6 27. Qf2 fxg5 28.
Rxg5 Rf7 29. h4 Bxf5 30. exf5 Nf8 31. h5 h6 32. Rg2 Nh7 33. Qf4 Ng5 34. Rxg5
hxg5 35. Qxg5 Qe7 36. f6 Qe3+ 37. Qxe3 Rxe3 38. fxg7 Rxf1+ 39. Kxf1 Rh3 40. Ke2
Rxh5 41. a4 Kf7 42. Kd2 Rh2+ 43. Kd1 Rg2 44. Be5 Ke6 45. Bc3 b5 46. a5 a6 47.
Kc1 Rg1+ 48. Kb2 b4 49. Bd2 Rxg7 50. Bf4 Kd5 51. Bb8 Rb7 52. Bg3 Ke6 53. Kc1 Kd7
54. Kb2 Rb5 55. Bf2 Rxa5 56. c4 bxc3+ 57. Kxc3 Rb5 58. Be3 Kd6 59. Kc4 Rb4+ 60.
Kc3 Kd5 61. Bd2 Rg4 62. Kc2 Rg2 63. Kc3 Rh2 64. Bf4 Rh3 65. Bc7 Rh4 66. Bb6 Rb4
67. Bc7 Rg4 68. Ba5 Kd6 69. Bb6 Rb4 70. Bd8 Kd7 71. Bg5 Kc7 72. Be7 Kb6 73. Bd6
Kb5 74. Be7 Rg4 75. Bd6 a5 76. Be7 a4 77. bxa4+ Rxa4 78. Bd6 Rh4 79. Be7 Rh3 80.
Kc2 c4 81. dxc4+ Kxc4 82. Bf6 Rh2+ 83. Kb1 Rg2 84. Be5 c5 85. Bf6 Kb3 0-1

[Event "SportAccord Blitz Men 2013"]
[Site "Beijing CHN"]
[Date "2013.12.16"]
[Round "26.5"]
[White "Wang, Hao"]
[Black "Ivanchuk, Vassily"]
[Result "1-0"]
[WhiteTitle "GM"]
[BlackTitle "GM"]
[WhiteElo "2735"]
[BlackElo "2731"]
[WhiteFideId "8602883"]
[BlackFideId "14100010"]
[EventDate "2013.12.14"]

1. d4 Nf6 2. c4 e6 3. Nf3 d5 4. Nc3 c6 5. Bg5 h6 6. Bxf6 Qxf6 7. e3 Nd7 8. Be2
Bd6 9. O-O Qe7 10. Rc1 O-O 11. Qc2 f5 12. Rfd1 g5 13. g3 Nf6 14. Ne5 Bxe5 15.
dxe5 Ne4 16. f3 Nxc3 17. Qxc3 Bd7 18. f4 a5 19. c5 Be8 20. Rd4 Bg6 21. Kf2 Qf7
22. Rb1 Bh5 23. Bf1 Ra7 24. Bg2 Kh8 25. b3 Bg4 26. Rh1 Qg7 27. Ke1 Qc7 28. Kd2
Qf7 29. h3 Bh5 30. fxg5 hxg5 31. h4 g4 32. Rf4 Qc7 33. Rc1 Rc8 34. Qd4 Kg8 35.
Bf1 Rd8 36. Bd3 Raa8 37. Kc3 Ra7 38. Kb2 Raa8 39. Bxf5 exf5 40. Rxf5 Bf7 41.
Qxg4+ Kh8 42. Rcf1 Bg8 43. Rh5+ Bh7 44. Rff5 Rg8 45. Qf4 Rg7 46. g4 Kg8 47. Rf6
Re8 48. Rg5 Rxg5 49. Qxg5+ Qg7 50. Qf4 Be4 51. g5 Re7 52. h5 Rf7 53. h6 Qf8 54.
e6 Rxf6 55. gxf6 Qxc5 56. Qg5+ Kf8 57. Qg7+ 1-0

[Event "SportAccord Blitz Men 2013"]
[Site "Beijing CHN"]
[Date "2013.12.16"]
[Round "26.6"]
[White "Ponomariov, Ruslan"]
[Black "Karjakin, Sergey"]
[Result "1/2-1/2"]
[WhiteTitle "GM"]
[BlackTitle "GM"]
[WhiteElo "2731"]
[BlackElo "2756"]
[WhiteFideId "14103320"]
[BlackFideId "14109603"]
[EventDate "2013.12.14"]

1. e4 e5 2. Nf3 Nc6 3. Bb5 a6 4. Ba4 Nf6 5. Nc3 Be7 6. O-O b5 7. Bb3 d6 8. a4 b4
9. Nd5 Na5 10. Nxf6+ Bxf6 11. Ba2 O-O 12. d3 Rb8 13. Be3 b3 14. Bxb3 Nxb3 15.
cxb3 Bg4 16. Ra3 Be7 17. Qc2 Bxf3 18. gxf3 Qd7 19. Kg2 d5 20. Raa1 d4 21. Bd2
Rb6 22. Rg1 Rfb8 23. Qc4 Rxb3 24. Qxa6 Rxb2 25. Ba5 Bh4 26. Rgf1 h5 27. Qc4 Qe7
28. Ra2 Qg5+ 29. Kh3 Qf4 30. Kg2 Rxa2 31. Qxa2 Ra8 32. Bd2 Qf6 33. a5 Qa6 34.
Qb3 Bd8 35. Rc1 Qg6+ 36. Kf1 Qa6 37. Ke2 c6 38. Qa4 Rc8 39. Qb4 Bc7 40. Qc5 Bb8
41. Rb1 Bc7 42. Rc1 Bb8 43. Rb1 Bc7 44. Rc1 Bb8 1/2-1/2

[Event "SportAccord Blitz Men 2013"]
[Site "Beijing CHN"]
[Date "2013.12.16"]
[Round "26.7"]
[White "Vachier-Lagrave, Maxime"]
[Black "Radjabov, Teimour"]
[Result "1/2-1/2"]
[WhiteTitle "GM"]
[BlackTitle "GM"]
[WhiteElo "2745"]
[BlackElo "2713"]
[WhiteFideId "623539"]
[BlackFideId "13400924"]
[EventDate "2013.12.14"]

1. d4 f5 2. g3 Nf6 3. Bg2 e6 4. Nf3 d5 5. O-O Bd6 6. c4 c6 7. b3 Qe7 8. a4 O-O
9. Ba3 Bxa3 10. Nxa3 b6 11. Qc1 Bb7 12. Nc2 a5 13. Qa3 Qxa3 14. Rxa3 Na6 15. Ne5
Rfc8 16. Rd1 Kf8 17. Raa1 Ke7 18. Rac1 Nd7 19. Nxd7 Kxd7 20. Ne1 Ke7 21. Nd3
Rab8 22. Rc3 Nb4 23. Nxb4 axb4 24. Rc2 Ba6 25. c5 bxc5 26. Rxc5 Bxe2 27. Rdc1 g5
28. f4 gxf4 29. gxf4 Kd6 30. Kf2 Bd3 31. Ke3 Ba6 32. Bf3 Bb7 33. Be2 Rg8 34. Kf2
Ra8 35. a5 Rgc8 36. Rg1 Ba6 37. Bxa6 Rxa6 38. Ra1 Rg8 39. Ra4 Rb8 40. Kg3 Rg8+
41. Kf3 Rb8 42. Kg3 Rg8+ 43. Kf3 Rb8 1/2-1/2

[Event "SportAccord Blitz Men 2013"]
[Site "Beijing CHN"]
[Date "2013.12.16"]
[Round "26.8"]
[White "Giri, Anish"]
[Black "Dominguez Perez, Leinier"]
[Result "0-1"]
[WhiteTitle "GM"]
[BlackTitle "GM"]
[WhiteElo "2734"]
[BlackElo "2754"]
[WhiteFideId "24116068"]
[BlackFideId "3503240"]
[EventDate "2013.12.14"]

1. d4 d5 2. c4 dxc4 3. Nf3 Nf6 4. e3 e6 5. Bxc4 a6 6. O-O c5 7. dxc5 Bxc5 8.
Qxd8+ Kxd8 9. Ne5 Ke7 10. Be2 Nbd7 11. Nc4 b6 12. Nbd2 a5 13. Nb3 Ba6 14. Nxc5
bxc5 15. Bd2 Ne4 16. Rfd1 Ne5 17. Nxe5 Bxe2 18. Bxa5 Bxd1 19. Rxd1 Rhc8 20. Nc4
Ra6 21. a3 Nd6 22. Nxd6 Rxd6 23. Re1 Ra8 24. Bc3 Rad8 25. Kf1 Rd1 26. a4 Rxe1+
27. Kxe1 g6 28. g4 Kd6 29. Ke2 Kd5 30. Kd3 c4+ 31. Ke2 f5 32. f3 fxg4 33. e4+
Kc5 34. fxg4 Rd3 35. b4+ Kb6 36. Bd2 Ra3 37. Be3+ Kc6 38. b5+ Kc7 39. Bd4 Rxa4
40. Ke3 Ra3+ 41. Kf4 Rb3 42. b6+ 0-1

[Event "SportAccord Blitz Men 2013"]
[Site "Beijing CHN"]
[Date "2013.12.16"]
[Round "27.1"]
[White "Giri, Anish"]
[Black "Aronian, Levon"]
[Result "1-0"]
[WhiteTitle "GM"]
[BlackTitle "GM"]
[WhiteElo "2734"]
[BlackElo "2803"]
[WhiteFideId "24116068"]
[BlackFideId "13300474"]
[EventDate "2013.12.14"]

1. d4 Nf6 2. c4 g6 3. Nc3 Bg7 4. Nf3 O-O 5. g3 d6 6. Bg2 Nc6 7. O-O Rb8 8. Bf4
a6 9. Rc1 h6 10. b3 g5 11. d5 gxf4 12. dxc6 e5 13. cxb7 Bxb7 14. Nh4 Bc8 15. c5
Rb4 16. cxd6 cxd6 17. Qc2 fxg3 18. hxg3 Rxh4 19. gxh4 d5 20. Nxd5 Nxd5 21. Rfd1
Be6 22. Bxd5 Bxd5 23. Qd3 Qxh4 24. Qxd5 Qg4+ 25. Qg2 Qxe2 26. Re1 Qxa2 27. Re3
Kh8 28. Rg3 Qd2 29. Rc6 Rd8 30. Kh2 Qf4 31. Rc4 e4 32. Rxe4 Qd6 33. Qh3 Qf6 34.
Rf3 Qc6 35. Qf5 Rd6 36. Rc4 Qb6 37. Rc8+ Rd8 38. Rxd8+ Qxd8 39. Qxf7 Be5+ 40.
Kh3 Bg7 41. Qe6 Qd1 42. Qe8+ Kh7 43. Qe4+ Kh8 44. Kg2 Qd7 45. Qa8+ Kh7 46. Qe4+
Kh8 47. Rd3 Qc8 48. Rg3 a5 49. Qd5 Qe8 50. Qb7 Be5 51. Qe4 Qb8 52. Rg6 Bg7 53.
Qd5 Qe8 54. Ra6 Qe7 55. Rxa5 Bf8 56. Qe5+ 1-0

[Event "SportAccord Blitz Men 2013"]
[Site "Beijing CHN"]
[Date "2013.12.16"]
[Round "27.2"]
[White "Dominguez Perez, Leinier"]
[Black "Vachier-Lagrave, Maxime"]
[Result "1-0"]
[WhiteTitle "GM"]
[BlackTitle "GM"]
[WhiteElo "2754"]
[BlackElo "2745"]
[WhiteFideId "3503240"]
[BlackFideId "623539"]
[EventDate "2013.12.14"]

1. e4 c5 2. Nf3 Nc6 3. d4 cxd4 4. Nxd4 g6 5. c4 Nf6 6. Nc3 d6 7. Be2 Nxd4 8.
Qxd4 Bg7 9. Be3 O-O 10. Qd2 a5 11. f3 a4 12. Rc1 Qa5 13. Rc2 Bd7 14. O-O Rfc8
15. Rfc1 Be6 16. Nd5 Qxd2 17. Bxd2 Bxd5 18. cxd5 Rxc2 19. Rxc2 Nd7 20. Kf1 Nc5
21. Be3 Ra5 22. Ke1 Kf8 23. Kd1 e6 24. dxe6 fxe6 25. Rd2 Ke7 26. Kc2 Nd7 27. Rd1
Ne5 28. f4 Nc6 29. a3 Ra8 30. Bb5 Ra5 31. Be2 Ra8 32. g3 Na5 33. Bb5 Nc6 34. h4
Ra5 35. Be2 b5 36. Kb1 b4 37. axb4 Ra8 38. Rc1 Nxb4 39. Rc7+ Kf8 40. Rb7 Nc6 41.
Rb6 Nd4 42. Bc4 a3 43. bxa3 Rxa3 44. Bxd4 Bxd4 45. Rxd6 e5 46. f5 gxf5 47. exf5
Rc3 48. Bd5 Ke7 49. Re6+ Kd7 50. f6 Rxg3 51. Ra6 Bc5 52. Kc2 Rg6 53. Be4 Rh6 54.
Bf5+ Kc7 55. Be4 Rxh4 56. Bd5 Rd4 57. Rc6+ Kd7 58. Rxc5 Kd6 59. f7 Rf4 60. Rc8
Kxd5 61. f8=Q 1-0

[Event "SportAccord Blitz Men 2013"]
[Site "Beijing CHN"]
[Date "2013.12.16"]
[Round "27.3"]
[White "Radjabov, Teimour"]
[Black "Ponomariov, Ruslan"]
[Result "0-1"]
[WhiteTitle "GM"]
[BlackTitle "GM"]
[WhiteElo "2713"]
[BlackElo "2731"]
[WhiteFideId "13400924"]
[BlackFideId "14103320"]
[EventDate "2013.12.14"]

1. d4 f5 2. Bg5 h6 3. Bh4 g5 4. Bg3 Nf6 5. e3 d6 6. Nd2 Bg7 7. h4 g4 8. Bc4 Nc6
9. Ne2 e5 10. c3 Qe7 11. Qb3 a6 12. h5 b5 13. Bd3 Be6 14. Qa3 Kf7 15. Bh4 Qd7
16. Bxf6 Bxf6 17. Ng3 Ne7 18. Bc2 a5 19. O-O c5 20. dxe5 dxe5 21. Rad1 Qc6 22.
c4 b4 23. Qd3 Rad8 24. Qe2 e4 25. b3 Be5 26. Ngxe4 fxe4 27. Nxe4 Bf5 28. Ng3
Bxc2 29. Qxc2 Rxd1 30. Rxd1 Bxg3 31. fxg3 Qe6 32. Rf1+ Ke8 33. Qf2 Qe5 34. Qf7+
Kd7 35. Rd1+ Kc8 36. Rf1 Rd8 37. Kh2 Rd2 38. Qe8+ Kc7 39. Rf8 Nc6 40. Qg6 Qxe3
41. Rf6 Ne7 42. Qe8 Rd1 0-1

[Event "SportAccord Blitz Men 2013"]
[Site "Beijing CHN"]
[Date "2013.12.16"]
[Round "27.6"]
[White "Wang, Yue"]
[Black "Kamsky, Gata"]
[Result "1/2-1/2"]
[WhiteTitle "GM"]
[BlackTitle "GM"]
[WhiteElo "2723"]
[BlackElo "2721"]
[WhiteFideId "8601429"]
[BlackFideId "2000024"]
[EventDate "2013.12.14"]

1. c4 Nf6 2. Nc3 g6 3. g3 Bg7 4. Bg2 O-O 5. e4 d6 6. Nge2 e5 7. d3 a6 8. O-O c6
9. h3 b5 10. Be3 Nbd7 11. Qd2 Rb8 12. b3 b4 13. Na4 c5 14. Rae1 Ne8 15. f4 exf4
16. gxf4 f5 17. exf5 Rxf5 18. d4 Qc7 19. Ng3 Rf8 20. f5 cxd4 21. Bxd4 Bxd4+ 22.
Qxd4 Ne5 23. fxg6 Rxf1+ 24. Rxf1 hxg6 25. Ne4 Qe7 26. c5 dxc5 27. Naxc5 a5 28.
Re1 Bf5 29. Nd2 Rd8 30. Qxe5 Qxe5 31. Rxe5 Rxd2 32. Rxe8+ Kf7 33. Ra8 Rxa2 34.
Ra6 Ke7 35. Nb7 a4 36. Nc5 a3 37. Ra5 Rb2 38. Kh2 Kd6 39. Kg3 Rc2 40. Ne4+ Kc7
41. Ra4 Rxg2+ 42. Kxg2 Bxe4+ 43. Kf2 Bc6 44. Ra7+ Kb6 45. Re7 Bd5 46. Re1 a2 47.
Ke3 Bxb3 48. Kd2 Kb5 49. Ra1 Kc4 50. Rc1+ Kd4 51. Rg1 Ke4 52. Rg4+ Kf3 53. Rg1
Kf2 54. Ra1 Kg3 55. Kc1 Be6 56. Kb2 b3 57. Rg1+ Kxh3 58. Rxg6 1/2-1/2

[Event "SportAccord Blitz Men 2013"]
[Site "Beijing CHN"]
[Date "2013.12.16"]
[Round "27.7"]
[White "Mamedyarov, Shakhriyar"]
[Black "Le, Quang Liem"]
[Result "1-0"]
[WhiteTitle "GM"]
[BlackTitle "GM"]
[WhiteElo "2757"]
[BlackElo "2703"]
[WhiteFideId "13401319"]
[BlackFideId "12401137"]
[EventDate "2013.12.14"]

1. d4 Nf6 2. c4 g6 3. Nc3 d5 4. Nf3 Bg7 5. h4 c6 6. Bg5 Ne4 7. e3 h6 8. Bf4 O-O
9. Bd3 Nxc3 10. bxc3 dxc4 11. Bxc4 Bg4 12. Qc2 Bf5 13. e4 Bc8 14. Qd2 Kh7 15. h5
g5 16. Bxg5 b5 17. Bd3 hxg5 18. e5+ Kh8 19. h6 Bf6 20. Bc2 Rg8 21. Qd3 Rg6 22.
Qe2 Rg8 23. h7 Rg7 24. Qe3 Be6 25. Nd2 Nd7 26. exf6 Nxf6 27. Ne4 Nd5 28. Qd2 Bf5
29. Ng3 Bxc2 30. Qxc2 Qa5 31. Rc1 b4 32. c4 b3+ 33. Qd2 Nb4 34. O-O bxa2 35. d5
cxd5 36. cxd5 Nc6 37. Qb2 Qxd5 38. Nh5 Qd4 39. Qxa2 Nb4 40. Qb3 Rxh7 41. Rc4 Qe5
42. Ng3 a5 43. Re4 Qf6 44. Rd1 e6 45. Qa4 Rh4 46. Qb5 Nd5 47. Qc6 Rd8 48. Re2
Rb4 49. Red2 Rf4 50. f3 Rg8 51. Ne4 Qh6 52. Rxd5 Rh4 53. Qc3+ Kh7 54. Nf6+ Kg6
55. Nxg8 Rh1+ 56. Kf2 Qh4+ 57. Ke2 exd5 58. Qf6+ Kh7 59. Qxf7+ Kh8 60. Rxh1 Qxh1
61. Nf6 Qxg2+ 62. Ke3 Qg1+ 63. Kd3 Qd1+ 64. Kc3 Qa1+ 65. Kb3 Qb1+ 66. Kc3 Qa1+
67. Kd2 Qb2+ 68. Kd3 Qb1+ 69. Kd4 Qb2+ 70. Kc5 Qc2+ 71. Kd6 Qh2+ 72. Kc6 Qc2+
73. Kd7 Qf5+ 74. Kd8 1-0

[Event "SportAccord Blitz Men 2013"]
[Site "Beijing CHN"]
[Date "2013.12.16"]
[Round "27.8"]
[White "Nepomniachtchi, Ian"]
[Black "Grischuk, Alexander"]
[Result "1/2-1/2"]
[WhiteTitle "GM"]
[BlackTitle "GM"]
[WhiteElo "2721"]
[BlackElo "2783"]
[WhiteFideId "4168119"]
[BlackFideId "4126025"]
[EventDate "2013.12.14"]

1. e4 e5 2. Nf3 Nc6 3. d4 exd4 4. Nxd4 Bc5 5. Nxc6 Qf6 6. Qf3 bxc6 7. Nc3 d6 8.
Qg3 Bd4 9. Bd2 Rb8 10. Na4 Qe6 11. Bd3 Nf6 12. O-O O-O 13. c3 Bb6 14. Rfe1 Qg4
15. b3 Qxg3 16. hxg3 Ng4 17. Nxb6 axb6 18. c4 c5 19. Bc3 Re8 20. a4 Ne5 21. Bc2
Nc6 22. Rad1 f6 23. f3 h6 24. Kf2 Be6 25. g4 Bf7 26. Rh1 Bg6 27. Kg3 Re7 28. Rd2
Rbe8 29. Ra1 Bf7 30. Kf2 Ra8 31. Kg3 Rae8 32. Bd1 Bg6 33. Rda2 Ra8 34. Rd2 Kf8
35. Kf2 Rae8 36. Kg3 Ra8 37. Kf2 Rae8 1/2-1/2

[Event "SportAccord Blitz Men 2013"]
[Site "Beijing CHN"]
[Date "2013.12.16"]
[Round "28.1"]
[White "Aronian, Levon"]
[Black "Nepomniachtchi, Ian"]
[Result "1-0"]
[WhiteTitle "GM"]
[BlackTitle "GM"]
[WhiteElo "2803"]
[BlackElo "2721"]
[WhiteFideId "13300474"]
[BlackFideId "4168119"]
[EventDate "2013.12.14"]

1. d4 Nf6 2. Nf3 g6 3. Nbd2 Bg7 4. e4 d6 5. c3 O-O 6. Bd3 Nc6 7. O-O e5 8. h3
Nh5 9. Nb3 h6 10. Re1 Kh7 11. Bf1 Qe7 12. Bd2 Bd7 13. Rc1 Rae8 14. a4 Qd8 15. a5
a6 16. d5 Ne7 17. c4 f5 18. exf5 Nxf5 19. Bc3 Nh4 20. Nbd2 Nf4 21. Nxh4 Qxh4 22.
Ne4 Bf5 23. Ng3 Qg5 24. Kh2 h5 25. Bd2 h4 26. Ne4 Bxe4 27. Rxe4 Qf5 28. Qe1 Bh6
29. Rc3 Nh5 30. Bxh6 Kxh6 31. Rf3 Qg5 32. Rg4 Qe7 33. Bd3 Rxf3 34. Rxg6+ Kh7 35.
Re6+ Rxd3 36. Rxe7+ Rxe7 37. Qe4+ Kg7 38. Qxd3 Rf7 39. Qd1 Kh6 40. Qd2+ Kg6 41.
Qc2+ Kg7 42. c5 Nf4 43. cxd6 cxd6 44. Qd1 Ng6 45. Kg1 Kf6 46. Qg4 Re7 47. Kf1 e4
48. b4 Re5 49. g3 hxg3 50. fxg3 Rf5+ 51. Ke2 Rxd5 52. h4 Ne7 53. Qf4+ Ke6 54. g4
Nc6 55. Qh6+ Ke5 56. Qg7+ Kf4 57. Qf7+ Ke5 58. g5 Rd3 59. Qf6+ Kd5 60. Qf5+ Kd4
61. g6 Re3+ 62. Kd1 Rd3+ 63. Kc1 e3 64. g7 e2 65. Qf2+ Re3 66. g8=Q e1=Q+ 67.
Qxe1 Rxe1+ 68. Kd2 Re5 69. h5 Ne7 70. Qg4+ Re4 71. Qg7+ Kc4 72. h6 Nc6 73. h7
Rh4 74. h8=Q Rxh8 75. Qxh8 Kxb4 76. Qc3+ Kb5 77. Qb3+ 1-0

[Event "SportAccord Blitz Men 2013"]
[Site "Beijing CHN"]
[Date "2013.12.16"]
[Round "28.2"]
[White "Grischuk, Alexander"]
[Black "Mamedyarov, Shakhriyar"]
[Result "1-0"]
[WhiteTitle "GM"]
[BlackTitle "GM"]
[WhiteElo "2783"]
[BlackElo "2757"]
[WhiteFideId "4126025"]
[BlackFideId "13401319"]
[EventDate "2013.12.14"]

1. e4 c6 2. Nc3 d5 3. Nf3 Bg4 4. h3 Bxf3 5. gxf3 e6 6. d4 Nd7 7. Qd3 g6 8. Be3
Bg7 9. O-O-O Ne7 10. Kb1 Qa5 11. Rg1 a6 12. Ne2 Rc8 13. h4 c5 14. c3 cxd4 15.
Bxd4 Nc5 16. Qd2 e5 17. Be3 O-O 18. Bh3 f5 19. exd5 Na4 20. d6 Rfd8 21. Bg5 Bf8
22. Qc2 Nd5 23. Bxd8 Rxd8 24. Bxf5 Rxd6 25. Rxd5 Qxd5 26. Qxa4 Qxf3 27. Qe4 Qxf2
28. h5 Rd2 29. hxg6 Rxe2 30. gxh7+ Kf7 31. Qd5+ Ke8 32. Qe6+ 1-0